WW2 Battles - Statistics

General Stats
  • This quiz has been taken 91 times
  • The average score is 4 of 12
Answer Stats
Hint Answer % Correct
Major Amphibious Invasion in France DDay
89%
The German strategic bombing campaign of Britain Blitz
62%
December 7th 1941 Pearl Harbor
61%
The main Fighter in the Japanese Airforce Zero
44%
Final Battle of the WW2 Okinawa
41%
Germanys plan to invade russia Operation Barbarossa
33%
Company that made japan's most well know aircraft Mitsubishi
28%
German Jet Fighter Me262
24%
Comapany that made the Wildcat Grumman
18%
The aircraft known as the above answers killer Hellcat
13%
First Amphibious invasion of WW2 Guadalcanal
10%
The island that Operation Cartwheels goal was to neutralize Rabal
1%
No matching quizzes found
Score Distribution
Percent of People with Each Score
Percentile by Number Answered
Your Score History
You have not taken this quiz